| 000 | 00913nas a2200301 4500 | ||
|---|---|---|---|
| 001 | BR2015003511 | ||
| 003 | BR-BrBNA | ||
| 005 | 20231205125419.0 | ||
| 007 | ta | ||
| 008 | 230509b bl.|||p| |||| 00| 00por d | ||
| 040 |
_aBR-BrBNA _bpor _cBiblioteca Nacional de Agricultura |
||
| 041 | _a(Pt) | ||
| 072 | _aF04 | ||
| 100 | 1 | _aSouza, J.R. de | |
| 100 | 1 | _aRibeiro, B.N. | |
| 100 | 1 | _aCastro, G.S.A. | |
| 100 | 1 | _aRolim, M.V. | |
| 100 | 1 | _aKaneko, F.H. | |
| 245 | 1 | _aManejo de nitrogênio revestido com polímeros na cultura do algodão | |
| 650 | _aALGODÃO | ||
| 650 | _aADUBAÇÃO | ||
| 650 | _aFERTILIZANTE | ||
| 650 | _aNITROGÊNIO | ||
| 773 | 0 |
_tActa Iguazu (Brazil) _xISSN 2316-4093 _g(2013), v. 2(1) p. 43-49 _wBR2015003511 |
|
| 856 | 4 | 0 | _uhttp://e-revista.unioeste.br/index.php/actaiguazu/article/download/8048/5952 |
| 909 |
_a202311 _bLúcia _c55 _dLúcia Elande |
||
| 942 |
_2AGRIS _n0 _cANA |
||
| 999 |
_c244252 _d244252 |
||